Observaciones críticas sobre el plan y reglamento de estudios vigentes : (Record no. 163437)
[ view plain ]
| 000 -LEADER | |
|---|---|
| campo de control de longitud fija | 00889nam a2200181 i 4500 |
| 001 - NÚMERO DE CONTROL | |
| campo de control | 163437 |
| 003 - IDENTIFICADOR DE NÚMERO DE CONTROL | |
| campo de control | ES-MaACL |
| 005 - FECHA Y HORA DE LA ÚLTIMA TRANSACCIÓN | |
| campo de control | 20250718042052.0 |
| 008 - DATOS DE LONGITUD FIJA--INFORMACIÓN GENERAL | |
| campo de control de longitud fija | 050727s1846 sp |||| | spa d |
| 100 1# - ENTRADA PRINCIPAL--NOMBRE DE PERSONA | |
| Nombre de persona | Solís y Manso, Luis de |
| Títulos y otros términos asociados al nombre | Marqués de Rianzuela. |
| 9 (RLIN) | 150371 |
| 245 10 - MENCIÓN DEL TÍTULO | |
| Título | Observaciones críticas sobre el plan y reglamento de estudios vigentes : |
| Resto del título | precedidas de un breve discurso relativo a la enseñanza / |
| Mención de responsabilidad, etc. | por el marqués de Rianzuela. |
| 260 ## - PUBLICACIÓN, DISTRIBUCIÓN, ETC. | |
| Lugar de publicación, distribución, etc. | Sevilla : |
| Nombre del editor, distribuidor, etc. | [s.n.], |
| Fecha de publicación, distribución, etc. | 1846 ( |
| Fabricante | Imp. de Francisco Álvarez y Compañía) |
| 300 ## - DESCRIPCIÓN FÍSICA | |
| Extensión | 63 p. ; |
| Dimensiones | 21 cm. |
| 650 #4 - PUNTO DE ACCESO ADICIONAL DE MATERIA--TÉRMINO DE MATERIA | |
| Término de materia o nombre geográfico como elemento de entrada | Enseñanza- |
| Subdivisión geográfica | España- |
| Subdivisión cronológica | S.XIX |
| 9 (RLIN) | 12286 |
| 852 4# - LOCALIZACIÓN | |
| Ubicación | ES-MaACL |
| Número de control de estantería | T-7-F-5 |
| Nota libre | - Enc. hol., falto de cub. original |
| -- | - Enc. en un vol. facticio |
| 852 4# - LOCALIZACIÓN | |
| Ubicación | ES-MaACL |
| Número de control de estantería | T-29-F-12 |
| Nota libre | - Enc. hol., falto de cub. original |
| -- | - Enc. en un vol. facticio |
| -- | - Donación del autor |
| Estatus retirado | Estado de pérdida | Estado de daño | No para préstamo | Colección | Biblioteca de origen | Biblioteca actual | Ubicación en estantería | Fecha de adquisición | Total de préstamos | Signatura topográfica completa | Código de barras | Visto por última vez | Precio de reemplazo | Tipo de ítem Koha |
|---|---|---|---|---|---|---|---|---|---|---|---|---|---|---|
| Colección de folletos | Biblioteca del Ateneo de Madrid | Biblioteca del Ateneo de Madrid | Depósito folletos | 17/01/2008 | T-7-F-5 | 1171267 | 23/02/2023 | 23/02/2023 | Folleto | |||||
| Colección de folletos | Biblioteca del Ateneo de Madrid | Biblioteca del Ateneo de Madrid | Depósito folletos | 17/01/2008 | T-29-F-12 | 1171266 | 23/02/2023 | 23/02/2023 | Folleto |
